[Event "NM for klubblag 2018"]
[Site "Quality Hotel Edvard Grieg, Bergen"]
[Date "2018.05.10"]
[Round "3"]
[White "Tari, Aryan"]
[Black "Manne, Per Erik"]
[Result "1-0"]
[WhiteElo "2603"]
[BlackElo "2184"]
[PlyCount "75"]
[EventDate "2018.??.??"]

1. e4 Nf6 2. e5 Nd5 3. d4 d6 4. Nf3 g6 5. Bc4 Nb6 6. Bb3 Bg7 7. O-O O-O 8. Re1
d5 9. Nbd2 Bg4 10. h3 Bxf3 11. Nxf3 Nc6 12. c3 f6 13. e6 Qd6 14. Bc2 Nd8 15.
Qe2 f5 16. Bg5 h6 17. Bh4 c5 18. Bg3 Qc6 19. Be5 Bxe5 20. Nxe5 Qxe6 21. dxc5
Nc4 22. Nxc4 Qxe2 23. Rxe2 dxc4 24. Rxe7 Rf7 25. Re8+ Rf8 26. Rae1 Rc8 27. Ba4
Nc6 28. R8e6 Kg7 29. Rd1 Rf6 30. Rd7+ Rf7 31. Rdd6 Ne7 32. Bd7 Rd8 33. Bb5 Rxd6
34. cxd6 Nc6 35. Bxc4 Rd7 36. b4 Nd8 37. Re7+ Rxe7 38. dxe7
1-0

[Event "NM for klubblag 2018"]
[Site "Quality Hotel Edvard Grieg, Bergen"]
[Date "2018.05.10"]
[Round "3"]
[White "Mihajlov, Sebastian"]
[Black "Woldseth, Ole"]
[Result "1-0"]
[WhiteElo "2392"]
[BlackElo "2073"]
[PlyCount "75"]
[EventDate "2018.??.??"]

1. d4 Nf6 2. Nf3 e6 3. c4 b6 4. a3 Bb7 5. Nc3 d5 6. cxd5 Nxd5 7. Qc2 Be7 8. e4
Nxc3 9. bxc3 O-O 10. Bd3 c5 11. O-O cxd4 12. cxd4 Qc8 13. Qe2 Ba6 14. Rd1 Bxd3
15. Rxd3 Nd7 16. e5 Rd8 17. Bg5 Bxg5 18. Nxg5 Nf8 19. h4 Qc4 20. Rad1 Rd7 21.
Qg4 Rad8 22. Ne4 Ng6 23. f3 h5 24. Qg5 Rxd4 25. Qxd8+ Rxd8 26. Rxd8+ Nf8 27.
Ra8 Qe2 28. Rad8 Qe3+ 29. Kf1 Qf4 30. Ra8 Qxe5 31. Rdd8 Qa1+ 32. Kf2 Qb2+ 33.
Kg3 Qe5+ 34. Kh3 Qf5+ 35. Kh2 Qf4+ 36. g3 Qxf3 37. Rxf8+ Kh7 38. Ng5+
1-0

[Event "NM for klubblag 2018"]
[Site "Quality Hotel Edvard Grieg, Bergen"]
[Date "2018.05.10"]
[Round "3"]
[White "Pedersen, Per Tore"]
[Black "Sandø, Øyvind Andreas"]
[Result "1/2-1/2"]
[WhiteElo "1619"]
[BlackElo "1597"]
[PlyCount "45"]
[EventDate "2018.??.??"]

1. f4 Nf6 2. Nf3 g6 3. g3 Bg7 4. Bg2 c5 5. O-O O-O 6. d3 d5 7. c3 Nc6 8. Na3
Re8 9. Nc2 Bg4 10. Ne5 Bd7 11. Ne3 d4 12. cxd4 cxd4 13. N3c4 Qc7 14. b3 Ng4 15.
Nxd7 Qxd7 16. h3 Nf6 17. Bb2 b5 18. Ne5 Nxe5 19. Bxa8 Rxa8 20. fxe5 Qxh3 21.
exf6 Qxg3+ 22. Kh1 Qh3+ 23. Kg1
1/2-1/2

[Event "NM for klubblag 2018"]
[Site "Quality Hotel Edvard Grieg, Bergen"]
[Date "2018.05.10"]
[Round "3"]
[White "Vea, Odin Blikra"]
[Black "Sandal, Eirik"]
[Result "1-0"]
[WhiteElo "2187"]
[BlackElo "2073"]
[PlyCount "59"]
[EventDate "2018.??.??"]

1. e4 c5 2. a3 g6 3. d4 Bg7 4. dxc5 Qc7 5. Nc3 Qxc5 6. Nd5 Nf6 7. b4 Qd6 8. Bf4
e5 9. Be3 b6 10. Nxf6+ Qxf6 11. Qd5 Qc6 12. Bc4 O-O 13. b5 Qc7 14. Rd1 Bb7 15.
Qd3 Rc8 16. Bd5 a6 17. Nf3 axb5 18. Ng5 Rf8 19. Bb3 h6 20. h4 hxg5 21. h5 gxh5
22. Bxg5 Rxa3 23. Rxh5 b4 24. Bd2 Rc8 25. Rg5 Rxb3 26. cxb3 Qc2 27. Rxg7+ Kxg7
28. Qg3+ Kf8 29. Bh6+ Ke8 30. Qxe5+
1-0

[Event "NM for klubblag 2018"]
[Site "Quality Hotel Edvard Grieg, Bergen"]
[Date "2018.05.10"]
[Round "4"]
[White "Aarnes, Eirik"]
[Black "Haugsdal, Arn-Tore"]
[Result "0-1"]
[WhiteElo "1793"]
[BlackElo "1987"]
[PlyCount "80"]
[EventDate "2018.??.??"]

1. e4 e5 2. Nf3 Nc6 3. Bb5 a6 4. Bxc6 dxc6 5. O-O f6 6. d4 Bg4 7. dxe5 Qxd1 8.
Rxd1 fxe5 9. Rd3 Bd6 10. Bg5 h6 11. Bh4 Ne7 12. Nbd2 b5 13. a4 g5 14. Bg3 Ng6
15. c4 O-O 16. c5 Bxc5 17. Bxe5 Bxf3 18. Nxf3 Rxf3 19. Rxf3 Nxe5 20. Rf6 Kg7
21. Re6 Bd6 22. axb5 cxb5 23. Rd1 a5 24. Rd5 b4 25. Rexe5 Bxe5 26. Rxe5 a4 27.
Re7+ Kf8 28. Rxc7 a3 29. bxa3 bxa3 30. Rc1 a2 31. h4 Rb8 32. Kh2 Rb1 33. Rc8+
Ke7 34. Rc7+ Ke6 35. Ra7 a1=Q 36. Rxa1 Rxa1 37. hxg5 hxg5 38. Kg3 Ra2 39. f3
Ke5 40. Kh3 Kf4
0-1

[Event "NM for klubblag 2018"]
[Site "Quality Hotel Edvard Grieg, Bergen"]
[Date "2018.05.10"]
[Round "4"]
[White "Aulin-Jansson, Jøran"]
[Black "Mihajlov, Sebastian"]
[Result "1-0"]
[WhiteElo "2287"]
[BlackElo "2392"]
[PlyCount "69"]
[EventDate "2018.??.??"]

1. e4 e6 2. d3 c5 3. g3 Nc6 4. Bg2 g6 5. Nc3 Bg7 6. Be3 d6 7. Nge2 Nge7 8. h4
h5 9. O-O O-O 10. Qd2 Nd4 11. Nd1 Kh7 12. c3 Ndc6 13. f4 b6 14. f5 Ng8 15. Bg5
Qc7 16. f6 Bh8 17. d4 Ba6 18. g4 cxd4 19. gxh5 dxc3 20. Ndxc3 Ne5 21. Bh3 Qc5+
22. Kh1 Nd3 23. Nf4 Nxf4 24. Rxf4 Qe5 25. Qf2 Qc5 26. Qf3 Nh6 27. Rg1 Rg8 28.
Bxh6 Kxh6 29. Rg5 Qd4 30. hxg6 fxg6 31. Bxe6 Rgf8 32. Rxg6+ Kxg6 33. Qg4+ Kh6
34. Qg5+ Kh7 35. Bf5#
1-0

[Event "NM for klubblag 2018"]
[Site "Quality Hotel Edvard Grieg, Bergen"]
[Date "2018.05.10"]
[Round "4"]
[White "Ayzenberg, Alena"]
[Black "Mork, Kjell Arne"]
[Result "0-1"]
[WhiteElo "1899"]
[BlackElo "2296"]
[PlyCount "71"]
[EventDate "2018.??.??"]

1. d4 e6 2. c4 Nf6 3. Nf3 Nc6 4. Nc3 Bb4 5. Qc2 O-O 6. e3 d6 7. Bd2 e5 8. d5
Ne7 9. e4 Nd7 10. a3 Bxc3 11. Bxc3 a5 12. b4 axb4 13. axb4 Rxa1+ 14. Bxa1 Ng6
15. g3 c5 16. b5 Nf6 17. Bc3 Ng4 18. h3 Nh6 19. Bg2 f5 20. Nd2 f4 21. Nf3 Nf7
22. g4 Nh4 23. Kf1 Nxf3 24. Bxf3 Qh4 25. Kg2 Ng5 26. Qe2 b6 27. Bd2 Bd7 28. Be1
Rf6 29. Kf1 h5 30. Qd1 Rf8 31. Ke2 Nxf3 32. Kxf3 Bxg4+ 33. hxg4 Qxh1+ 34. Ke2
Qxe4+ 35. Kd2 Qd4+ 36. Ke2
0-1

[Event "NM for klubblag 2018"]
[Site "Quality Hotel Edvard Grieg, Bergen"]
[Date "2018.05.10"]
[Round "4"]
[White "Berstad, Jørund"]
[Black "Tunsjø, Axel"]
[Result "1/2-1/2"]
[WhiteElo "1802"]
[BlackElo "1901"]
[PlyCount "121"]
[EventDate "2018.??.??"]

1. e4 c5 2. Nf3 e6 3. d4 cxd4 4. Nxd4 a6 5. g3 Nf6 6. Bg2 Be7 7. Nc3 Qc7 8. O-O
O-O 9. Be3 Nc6 10. Qe2 Nxd4 11. Bxd4 e5 12. Be3 d6 13. h3 Be6 14. Nd5 Nxd5 15.
exd5 Bd7 16. Qd2 f5 17. Rfc1 f4 18. gxf4 exf4 19. Bxf4 Qc4 20. Be3 Bf6 21. c3
Qh4 22. Bf4 Bxc3 23. Rxc3 Rxf4 24. Rg3 Raf8 25. Qc3 Qf6 26. Qxf6 R8xf6 27. Rc1
Rf7 28. Rc7 Bb5 29. Rc8+ Rf8 30. Rc7 R4f7 31. Rxf7 Rxf7 32. Re3 Rc7 33. Re6
Rc1+ 34. Kh2 Rc2 35. Kg3 Rxb2 36. Rxd6 Rxa2 37. Rb6 Ra3+ 38. Kf4 Ra2 39. Kg3
Rd2 40. d6 Bc6 41. Bxc6 Rxd6 42. Rxb7 Rxc6 43. Ra7 Rc3+ 44. Kg4 Ra3 45. h4 Ra4+
46. Kg3 h5 47. f3 Kh7 48. Rd7 a5 49. Rd5 Kg6 50. Rd6+ Kf7 51. Rd7+ Kf6 52. Ra7
Ra1 53. Kf4 Ra4+ 54. Kg3 g6 55. Ra8 Kg7 56. Ra7+ Kh6 57. Ra8 Ra1 58. Ra7 a4 59.
Kf4 a3 60. Kg3 a2 61. Kg2
1/2-1/2

[Event "NM for klubblag 2018"]
[Site "Quality Hotel Edvard Grieg, Bergen"]
[Date "2018.05.10"]
[Round "4"]
[White "Bjørkly, Sara Marie Skaug"]
[Black "Murugesh, Niran-Jan"]
[Result "0-1"]
[WhiteElo "1343"]
[BlackElo "1567"]
[PlyCount "58"]
[EventDate "2018.??.??"]

1. d4 Nf6 2. c4 e5 3. dxe5 Ng4 4. Nf3 Nc6 5. e3 Bb4+ 6. Bd2 Qe7 7. a3 Bxd2+ 8.
Nbxd2 a5 9. Be2 O-O 10. Qc2 Ncxe5 11. Nxe5 Nxe5 12. O-O Ra6 13. Ne4 Rh6 14. Ng3
Qh4 15. h3 d6 16. Nf5 Bxf5 17. Qxf5 Nxc4 18. Bxc4 Qxc4 19. Qxa5 c5 20. Rfd1 Qe6
21. Qb6 Qe7 22. Rd5 Rg6 23. Rad1 Qe4 24. g3 Qf3 25. Rxd6 Qxd1+ 26. Kg2 Qxd6 27.
Qxb7 Qc6+ 28. Qxc6 Rxc6 29. f4 Rb8
0-1

[Event "NM for klubblag 2018"]
[Site "Quality Hotel Edvard Grieg, Bergen"]
[Date "2018.05.10"]
[Round "4"]
[White "Moen, Ole Christian"]
[Black "Bolstad, Henning"]
[Result "1-0"]
[WhiteElo "2194"]
[BlackElo "1960"]
[PlyCount "41"]
[EventDate "2018.??.??"]

1. e4 d5 2. exd5 Qxd5 3. Nc3 Qd8 4. Bc4 Nf6 5. Nf3 Bg4 6. Bxf7+ Kxf7 7. Ne5+
Ke8 8. Nxg4 Nc6 9. O-O h5 10. Nxf6+ gxf6 11. Ne4 h4 12. Re1 Kf7 13. c3 e6 14.
d4 h3 15. Qf3 e5 16. dxe5 Nxe5 17. Ng5+ Ke7 18. Rxe5+ fxe5 19. Qf7+ Kd6 20.
Qe6+ Kc5 21. b4+
1-0

[Event "NM for klubblag 2018"]
[Site "Quality Hotel Edvard Grieg, Bergen"]
[Date "2018.05.10"]
[Round "4"]
[White "Christiansen, Johan-Sebastian"]
[Black "Storme, Isak"]
[Result "1-0"]
[WhiteElo "2499"]
[BlackElo "2313"]
[PlyCount "43"]
[EventDate "2018.??.??"]

1. e4 c5 2. Nf3 d6 3. Nc3 Nf6 4. e5 dxe5 5. Nxe5 a6 6. g3 Qc7 7. d4 cxd4 8.
Qxd4 Nc6 9. Nxc6 Qxc6 10. Bg5 Bg4 11. Bxf6 gxf6 12. Qxg4 Qxh1 13. Qa4+ b5 14.
Nxb5 axb5 15. Qxb5+ Kd8 16. O-O-O+ Kc7 17. Rd7+ Kc8 18. Rd5 Bh6+ 19. f4 Qxd5
20. Qxd5 Ra7 21. Qc6+ Kb8 22. Bg2
1-0

[Event "NM for klubblag 2018"]
[Site "Quality Hotel Edvard Grieg, Bergen"]
[Date "2018.05.10"]
[Round "4"]
[White "Cithu, Arun Vijay"]
[Black "Nordnes, Tor Gunnar"]
[Result "0-1"]
[WhiteElo "1430"]
[BlackElo "1773"]
[PlyCount "62"]
[EventDate "2018.??.??"]

1. e4 c5 2. Nf3 Nc6 3. d4 cxd4 4. Nxd4 e5 5. Nf3 Nf6 6. Nc3 Be7 7. Bd3 O-O 8.
O-O d6 9. h3 Nb4 10. Be3 Nxd3 11. Qxd3 a6 12. a4 h6 13. a5 Be6 14. Na4 Rc8 15.
Nb6 Rc6 16. c4 Nd7 17. b3 Nxb6 18. Bxb6 Qc8 19. Rfd1 f5 20. Nd2 f4 21. Nb1 f3
22. Nd2 fxg2 23. Kxg2 Bh4 24. Rf1 Rf6 25. Kh2 Bg5 26. h4 Bf4+ 27. Kh1 Bxd2 28.
Qxd2 Bxc4 29. Kh2 Bxf1 30. Rxf1 Rf3 31. Kg2 Qg4+
0-1

[Event "NM for klubblag 2018"]
[Site "Quality Hotel Edvard Grieg, Bergen"]
[Date "2018.05.10"]
[Round "4"]
[White "Simensen, Vegard"]
[Black "Eliseev, Sergey"]
[Result "1-0"]
[WhiteElo "1971"]
[BlackElo "1660"]
[PlyCount "113"]
[EventDate "2018.??.??"]

1. d4 Nf6 2. Nf3 g6 3. g3 Bg7 4. Bg2 O-O 5. O-O d6 6. c4 Nbd7 7. Nc3 c6 8. e4
e5 9. d5 Nc5 10. Qc2 cxd5 11. cxd5 a5 12. Be3 b6 13. Rfd1 Ba6 14. Bf1 Bxf1 15.
Rxf1 Qc8 16. Bxc5 bxc5 17. Kg2 Ne8 18. Nd2 Bh6 19. Nc4 Ra6 20. Qe2 f5 21. f3
Rf6 22. a4 Bf8 23. Ra3 h5 24. Rb3 Ra7 25. Rb5 Qd8 26. Qc2 Ng7 27. Qb3 Rff7 28.
Rb6 h4 29. Nb5 Rab7 30. Rxb7 Rxb7 31. g4 Qg5 32. Qe3 Qd8 33. h3 Rb8 34. Rd1 f4
35. Qc3 Ra8 36. Rd3 Be7 37. Qa3 Ne8 38. Rb3 Qd7 39. Nc3 Bd8 40. Rb5 Kf8 41. Qb3
Ra7 42. Rb8 Bc7 43. Rb7 Rxb7 44. Qxb7 Ke7 45. Nb5 Bd8 46. Qa6 Nc7 47. Qxd6+
Qxd6 48. Nbxd6 Na8 49. Nb7 Nb6 50. Nbxa5 Nxa4 51. Nc6+ Ke8 52. b3 Be7 53. Nxe7
Nb2 54. Nxg6 Nd3 55. Nxh4 Kd7 56. Ng6 Ne1+ 57. Kf2
1-0

[Event "NM for klubblag 2018"]
[Site "Quality Hotel Edvard Grieg, Bergen"]
[Date "2018.05.10"]
[Round "4"]
[White "Sætre, Roger"]
[Black "Elseth, Roar"]
[Result "0-1"]
[WhiteElo "1825"]
[BlackElo "2331"]
[PlyCount "46"]
[EventDate "2018.??.??"]

1. d4 Nf6 2. Nf3 e6 3. c4 d5 4. e3 c5 5. Nc3 Nc6 6. dxc5 Bxc5 7. cxd5 exd5 8.
Bb5 O-O 9. h3 a6 10. Ba4 b5 11. Bb3 d4 12. exd4 Re8+ 13. Ne2 Nxd4 14. Nfxd4
Qxd4 15. O-O Qxd1 16. Bxd1 Bf5 17. Ng3 Bd3 18. Bf3 Bxf1 19. Bxa8 Bd3 20. Bf3
Re1+ 21. Kh2 Bxf2 22. a3 g6 23. b4 Bg1+
0-1

[Event "NM for klubblag 2018"]
[Site "Quality Hotel Edvard Grieg, Bergen"]
[Date "2018.05.10"]
[Round "4"]
[White "Houska, Jovanka"]
[Black "Fossan, Aleksander"]
[Result "1-0"]
[WhiteElo "2420"]
[BlackElo "2132"]
[PlyCount "77"]
[EventDate "2018.??.??"]

1. Nf3 c5 2. e3 g6 3. d4 Bg7 4. dxc5 Qa5+ 5. Nbd2 Qxc5 6. a3 d5 7. Bd3 Qc7 8.
O-O Nf6 9. c4 O-O 10. Qe2 Nbd7 11. Rb1 Nc5 12. Bc2 Nce4 13. Nxe4 dxe4 14. Nd2
Bg4 15. Qe1 Be6 16. b3 Ng4 17. g3 Nf6 18. Nxe4 Bh3 19. Nc3 Qc6 20. e4 Ng4 21.
Nd5 Qc5 22. Qe2 Bd4 23. b4 Qd6 24. Rd1 Bxf2+ 25. Kh1 Bxg3 26. c5 Qe5 27. Bb2
Nf2+ 28. Qxf2 Qxb2 29. Nxe7+ Kg7 30. hxg3 Qxa3 31. Ra1 Qxb4 32. Nd5 Qb2 33.
Rab1 Qe5 34. Rxb7 Bg4 35. Qd4 Qxd4 36. Rxd4 Rfc8 37. Rc4 Rc6 38. Ba4 Be2 39.
Bxc6
1-0

[Event "NM for klubblag 2018"]
[Site "Quality Hotel Edvard Grieg, Bergen"]
[Date "2018.05.10"]
[Round "4"]
[White "Fossan, Benjamin"]
[Black "Merkesvik, Sondre"]
[Result "1/2-1/2"]
[WhiteElo "1948"]
[BlackElo "2181"]
[PlyCount "42"]
[EventDate "2018.??.??"]

1. e4 Nf6 2. e5 Nd5 3. d4 d6 4. c4 Nb6 5. exd6 exd6 6. Nc3 Nc6 7. h3 Bf5 8. Be3
Be7 9. Nf3 Bf6 10. Be2 O-O 11. O-O d5 12. c5 Nc4 13. Bxc4 dxc4 14. Qa4 Bd3 15.
Rfd1 Qd7 16. b3 Qf5 17. Rd2 cxb3 18. axb3 a5 19. Ne1 Ba6 20. Nc2 Bd3 21. Ne1
Ba6
1/2-1/2

[Event "NM for klubblag 2018"]
[Site "Quality Hotel Edvard Grieg, Bergen"]
[Date "2018.05.10"]
[Round "4"]
[White "Gausel, Einar J"]
[Black "Hersvik, Daniel"]
[Result "1-0"]
[WhiteElo "2453"]
[BlackElo "2215"]
[PlyCount "79"]
[EventDate "2018.??.??"]

1. d4 d5 2. Bf4 Nf6 3. e3 c6 4. c4 a6 5. Nc3 e6 6. c5 Be7 7. Bd3 O-O 8. Nf3
Nbd7 9. h3 Re8 10. O-O Nh5 11. Bh2 g6 12. b4 Bf6 13. Ne5 Nxe5 14. dxe5 Be7 15.
g4 Ng7 16. Be2 a5 17. a3 b6 18. Na4 axb4 19. axb4 bxc5 20. Nxc5 Rb8 21. Qd4 Qb6
22. Rfb1 Rd8 23. Bd3 Ne8 24. Bf4 Nc7 25. Bh6 Nb5 26. Bxb5 Qxb5 27. h4 Qe2 28.
Bg5 Bxg5 29. hxg5 Bd7 30. Kg2 Be8 31. Rb2 Qc4 32. Ne4 Qxd4 33. Nf6+ Kg7 34.
exd4 h6 35. gxh6+ Kxh6 36. Ra7 Kg7 37. g5 Ra8 38. Rba2 Rxa7 39. Rxa7 Rb8 40.
Kf3
1-0

[Event "NM for klubblag 2018"]
[Site "Quality Hotel Edvard Grieg, Bergen"]
[Date "2018.05.10"]
[Round "4"]
[White "Getz, Nicolai"]
[Black "Hammerstad, Asmund"]
[Result "1/2-1/2"]
[WhiteElo "2411"]
[BlackElo "2211"]
[PlyCount "111"]
[EventDate "2018.??.??"]

1. e4 e6 2. d4 d5 3. Nd2 a6 4. Ngf3 c5 5. dxc5 Bxc5 6. Bd3 Nc6 7. O-O Nge7 8.
c3 O-O 9. exd5 Nxd5 10. Ne4 Be7 11. Qe2 Qc7 12. Bc2 b5 13. a4 b4 14. c4 Nf6 15.
b3 Nxe4 16. Bxe4 Bf6 17. Bb2 Bxb2 18. Qxb2 Bb7 19. Qe2 Rad8 20. Rfd1 Na5 21.
Bxb7 Qxb7 22. Rd3 Qc7 23. Rad1 Nb7 24. Qe3 Nc5 25. R3d2 h6 26. Kf1 Rxd2 27.
Rxd2 Re8 28. h3 Rc8 29. Rd4 Qe7 30. Nd2 Rd8 31. Rxd8+ Qxd8 32. Ke2 Qc7 33. Ne4
Nd7 34. Qd4 f5 35. Nd2 Nc5 36. Kd1 Kh7 37. Kc2 Qc6 38. g4 Kg6 39. f3 Qc7 40. h4
Kh7 41. gxf5 exf5 42. Qd5 Kg6 43. f4 Qe7 44. h5+ Kxh5 45. Qxf5+ Kh4 46. Nf3+
Kg3 47. Nd2 Kh4 48. a5 Qe3 49. Qd5 Qc3+ 50. Kd1 Nxb3 51. Qh1+ Kg4 52. Qg2+ Kxf4
53. Qe4+ Kg5 54. Nf3+ Kf6 55. Qf4+ Ke7 56. Qc7+
1/2-1/2

[Event "NM for klubblag 2018"]
[Site "Quality Hotel Edvard Grieg, Bergen"]
[Date "2018.05.10"]
[Round "4"]
[White "Grandelius, Nils"]
[Black "Urkedal, Frode Olav Olsen"]
[Result "1/2-1/2"]
[WhiteElo "2651"]
[BlackElo "2548"]
[PlyCount "72"]
[EventDate "2018.??.??"]

1. e4 e5 2. Nf3 Nc6 3. Bb5 a6 4. Ba4 Nf6 5. O-O Be7 6. Re1 b5 7. Bb3 O-O 8. a4
Bb7 9. d3 d6 10. Nbd2 Na5 11. Ba2 c5 12. Nf1 b4 13. c3 bxc3 14. bxc3 c4 15. Ng3
cxd3 16. Qxd3 Bc8 17. Ba3 Nb7 18. Rab1 Qa5 19. Nf5 Bxf5 20. Rxb7 Qxa4 21. exf5
e4 22. Qb1 Qxa3 23. Rxe7 exf3 24. Rxf7 Kh8 25. gxf3 Qxc3 26. Re3 Qd4 27. Rxf8+
Rxf8 28. Be6 d5 29. Rd3 Qf4 30. Qb2 Nh5 31. Rd4 Qxf3 32. Qb4 Re8 33. Bd7 Rg8
34. Be6 Re8 35. Bd7 Rg8 36. Be6 Re8
1/2-1/2

[Event "NM for klubblag 2018"]
[Site "Quality Hotel Edvard Grieg, Bergen"]
[Date "2018.05.10"]
[Round "4"]
[White "Manne, Per Erik"]
[Black "Grønnestad, Anita"]
[Result "1/2-1/2"]
[WhiteElo "2184"]
[BlackElo "1936"]
[PlyCount "89"]
[EventDate "2018.??.??"]

1. e4 Nf6 2. e5 Nd5 3. g3 d6 4. exd6 exd6 5. Bg2 Nf6 6. Ne2 Be7 7. d4 O-O 8. c4
Nc6 9. Nbc3 Re8 10. O-O Bg4 11. Be3 Qd7 12. Qb3 Bh3 13. Qxb7 Bxg2 14. Kxg2 Rab8
15. Qa6 Rxb2 16. Rab1 Rxb1 17. Rxb1 d5 18. c5 Ng4 19. Nf4 Bf6 20. Qd3 Nxe3+ 21.
fxe3 Ne7 22. Rd1 Bg5 23. Nh3 Bxe3 24. Rf1 Bh6 25. Qf3 f6 26. Re1 Bd2 27. Re2
Bxc3 28. Qxc3 Nf5 29. Rxe8+ Qxe8 30. Nf4 Qe4+ 31. Qf3 Nxd4 32. Qxe4 dxe4 33.
Kf2 f5 34. Ke3 Nb5 35. Nd5 Na3 36. Ne7+ Kf7 37. Nxf5 Nb5 38. Nd4 Nxd4 39. Kxd4
e3 40. Kxe3 Ke7 41. Kd4 Ke6 42. g4 g5 43. Ke4 c6 44. Kd4 Kf6 45. Ke4
1/2-1/2

[Event "NM for klubblag 2018"]
[Site "Quality Hotel Edvard Grieg, Bergen"]
[Date "2018.05.10"]
[Round "4"]
[White "Gullaksen, Eirik"]
[Black "Kvaløy, Aksel Bu"]
[Result "1-0"]
[WhiteElo "2363"]
[BlackElo "1958"]
[PlyCount "68"]
[EventDate "2018.??.??"]

1. e4 c5 2. Nf3 Nc6 3. Bb5 g6 4. Bxc6 bxc6 5. O-O Bg7 6. c3 Nh6 7. d4 cxd4 8.
cxd4 O-O 9. Nc3 d5 10. e5 f6 11. exf6 exf6 12. Na4 Qd6 13. Nc5 Rb8 14. b3 f5
15. Re1 f4 16. h3 Nf5 17. Ba3 Qf6 18. Nd3 Nxd4 19. Bxf8 Kxf8 20. Rc1 Bf5 21.
Nde5 Nxf3+ 22. Qxf3 Re8 23. Rxc6 Qxc6 24. Nxc6 Rxe1+ 25. Kh2 d4 26. Qxf4 Kg8
27. Qb8+ Kf7 28. Qxa7+ Kg8 29. Ne7+ Kf8 30. Nxf5 gxf5 31. Qc5+ Kg8 32. Qc8+ Kf7
33. Qxf5+ Kg8 34. a4 Re6
1-0

[Event "NM for klubblag 2018"]
[Site "Quality Hotel Edvard Grieg, Bergen"]
[Date "2018.05.10"]
[Round "4"]
[White "Harestad, Hans Krogh"]
[Black "Hagesæther, Halvard"]
[Result "1-0"]
[WhiteElo "2214"]
[BlackElo "2239"]
[PlyCount "61"]
[EventDate "2018.??.??"]

1. d4 Nf6 2. c4 Nc6 3. Nf3 d6 4. Nc3 e5 5. d5 Ne7 6. e4 Ng6 7. g3 Be7 8. Bg2 h6
9. O-O Nh7 10. Be3 O-O 11. Rc1 f5 12. exf5 Bxf5 13. Nd2 Bg5 14. Qe2 b6 15. Nde4
Bxe3 16. Qxe3 Qd7 17. Rfd1 Nf6 18. Nxf6+ Rxf6 19. Ne4 Rff8 20. b4 Ne7 21. c5
bxc5 22. bxc5 Rfb8 23. Qa3 Nc8 24. cxd6 Nxd6 25. Nc5 Qe7 26. Ne6 Rb7 27. Re1
Rc8 28. Rxe5 Qf6 29. Ree1 Rb2 30. Qxd6 cxd6 31. Rxc8+
1-0

[Event "NM for klubblag 2018"]
[Site "Quality Hotel Edvard Grieg, Bergen"]
[Date "2018.05.10"]
[Round "4"]
[White "Kizatbay, Abyl"]
[Black "Haldorsen, Benjamin"]
[Result "0-1"]
[WhiteElo "2047"]
[BlackElo "2419"]
[PlyCount "68"]
[EventDate "2018.??.??"]

1. e4 c5 2. Nf3 e6 3. d4 cxd4 4. Nxd4 Nc6 5. Nc3 Qc7 6. Be3 a6 7. Qf3 Ne5 8.
Qg3 b5 9. O-O-O Nf6 10. f4 Neg4 11. Bg1 h5 12. h3 b4 13. hxg4 bxc3 14. e5 Ne4
15. Qe1 cxb2+ 16. Kxb2 Rb8+ 17. Nb3 Nc3 18. Rd4 Qa5 19. Kc1 Nxa2+ 20. Kd1 Nc3+
21. Kd2 Ne4+ 22. Kd1 Qxe1+ 23. Kxe1 Bb4+ 24. Kd1 Ng3 25. Rh3 Nxf1 26. Ke2 a5
27. Kxf1 Ba6+ 28. c4 Rc8 29. Nd2 Bxd2 30. Rxd2 Rxc4 31. Be3 Rxf4+ 32. Kg1 Rxg4
33. Bc5 Rc4 34. Bd6 f5
0-1

[Event "NM for klubblag 2018"]
[Site "Quality Hotel Edvard Grieg, Bergen"]
[Date "2018.05.10"]
[Round "4"]
[White "Østenstad, Berge"]
[Black "Hammer, Jon Ludvig"]
[Result "1/2-1/2"]
[WhiteElo "2442"]
[BlackElo "2631"]
[PlyCount "81"]
[EventDate "2018.??.??"]

1. d4 d5 2. c4 c6 3. Nf3 Nf6 4. Nc3 dxc4 5. a4 Bf5 6. Nh4 e6 7. Nxf5 exf5 8. e3
Bb4 9. Bxc4 O-O 10. O-O Nbd7 11. Qb3 a5 12. Rd1 Qe7 13. Bf1 Rac8 14. g3 b6 15.
Bg2 g6 16. Bd2 h5 17. Rac1 h4 18. Ne2 c5 19. dxc5 bxc5 20. Nf4 Ne5 21. Bc3 c4
22. Qc2 hxg3 23. hxg3 Rfd8 24. Rxd8+ Rxd8 25. Bd4 Kg7 26. b3 cxb3 27. Qxb3 Kf8
28. Bxe5 Qxe5 29. Nd3 Qd6 30. Nxb4 Qxb4 31. Qxb4+ axb4 32. a5 Ne4 33. Bxe4 fxe4
34. Rb1 Rb8 35. a6 b3 36. Kg2 Kg7 37. g4 g5 38. a7 Ra8 39. Rxb3 Rxa7 40. Rb4
Re7 41. Kg3
1/2-1/2

[Event "NM for klubblag 2018"]
[Site "Quality Hotel Edvard Grieg, Bergen"]
[Date "2018.05.10"]
[Round "4"]
[White "Lindbøl, Aleksander"]
[Black "Haug, Johannes"]
[Result "0-1"]
[WhiteElo "2136"]
[BlackElo "2387"]
[PlyCount "58"]
[EventDate "2018.??.??"]

1. c4 e5 2. g3 c6 3. d4 e4 4. d5 Bb4+ 5. Bd2 Qe7 6. Nc3 Nf6 7. Bg2 O-O 8. Nh3
cxd5 9. cxd5 d6 10. O-O Bf5 11. Kh1 Nbd7 12. Rc1 a6 13. Be3 h6 14. Bd4 Ne5 15.
a3 Bc5 16. Na4 Bxd4 17. Qxd4 b5 18. Nc3 Rfc8 19. b3 Rc5 20. Qd2 Rac8 21. Rfd1
Qc7 22. Na2 Qb7 23. Nf4 g5 24. Nh3 Rxc1 25. Rxc1 Rxc1+ 26. Qxc1 Qxd5 27. Nc3
Qxb3 28. Nxg5 hxg5 29. Qxg5+ Bg6
0-1

[Event "NM for klubblag 2018"]
[Site "Quality Hotel Edvard Grieg, Bergen"]
[Date "2018.05.10"]
[Round "4"]
[White "Hauge, Lars Oskar"]
[Black "Tisdall, Jonathan D"]
[Result "1-0"]
[WhiteElo "2433"]
[BlackElo "2402"]
[PlyCount "67"]
[EventDate "2018.??.??"]

1. e4 c5 2. Nf3 e6 3. Nc3 a6 4. d4 cxd4 5. Nxd4 Qc7 6. g3 Nf6 7. Bg2 d6 8. O-O
Be7 9. g4 h6 10. f4 Nc6 11. Nb3 Nd7 12. Be3 g5 13. f5 Nce5 14. a4 Nf6 15. h3
Nc4 16. Bd4 e5 17. Bf2 Nxb2 18. Qf3 Bd7 19. Rfb1 Rc8 20. Be1 Nc4 21. a5 Kf8 22.
Nc1 Qc5+ 23. Bf2 Nd2 24. Bxc5 Nxf3+ 25. Bxf3 Rxc5 26. Ra3 Rc7 27. Nd3 d5 28.
Rab3 d4 29. Nd5 Nxd5 30. exd5 Bb5 31. Rxb5 axb5 32. Rxb5 Bd6 33. f6 Rxc2 34.
Rxb7
1-0

[Event "NM for klubblag 2018"]
[Site "Quality Hotel Edvard Grieg, Be"]
[Date "2018.05.10"]
[Round "4"]
[White "Kristoffersen, Arne Skodvin"]
[Black "Kristiansen, Snorre"]
[Result "1-0"]
[WhiteElo "1776"]
[BlackElo "1749"]
[PlyCount "120"]
[EventDate "2018.??.??"]

1. d4 d5 2. c4 e6 3. Nc3 Nf6 4. cxd5 exd5 5. Bg5 Nbd7 6. e3 Be7 7. Bd3 c6 8.
Nge2 h6 9. Bh4 Nh5 10. Bxe7 Qxe7 11. O-O O-O 12. Qd2 Nhf6 13. Ng3 b5 14. a3 Nb6
15. Rfe1 Nc4 16. Qc2 a5 17. f3 Qb7 18. e4 Qb6 19. Nge2 a4 20. e5 Ne8 21. Kh1
Na5 22. Rad1 Nc7 23. Qd2 Nb3 24. Qe3 f6 25. f4 fxe5 26. fxe5 Bf5 27. Bxf5 Rxf5
28. Ng3 Rff8 29. e6 Rae8 30. e7 Rf7 31. Qd3 Rfxe7 32. Rxe7 Rxe7 33. Nf5 Re8 34.
Qg3 Ne6 35. Nxh6+ Kh7 36. Nf5 Qc7 37. Qg4 Qf4 38. Qh5+ Kg8 39. Qxe8+ Kh7 40.
Qxe6 Qg4 41. Qe5 c5 42. h3 Qg5 43. dxc5 d4 44. Ne4 Qg6 45. c6 Na5 46. c7 Nc4
47. Qxg7+ Qxg7 48. Nxg7 Nb6 49. Nf5 Kg6 50. Ne7+ Kf7 51. c8=Q Nxc8 52. Nxc8 Ke6
53. Rxd4 Ke5 54. Rb4 Kd5 55. Ncd6 Kc6 56. Rxb5 Kc7 57. h4 Kc6 58. h5 Kd7 59. h6
Ke6 60. h7 Ke7 1-0

[Event "NM for klubblag 2018"]
[Site "Quality Hotel Edvard Grieg, Bergen"]
[Date "2018.05.10"]
[Round "4"]
[White "Løvik, Lasse Østebø"]
[Black "Tari, Aryan"]
[Result "0-1"]
[WhiteElo "2376"]
[BlackElo "2603"]
[PlyCount "44"]
[EventDate "2018.??.??"]

1. d4 Nf6 2. c4 g6 3. g3 Bg7 4. Bg2 O-O 5. Nf3 d5 6. cxd5 Nxd5 7. O-O Nb6 8.
Nc3 Nc6 9. d5 Na5 10. Qc2 Bd7 11. Rd1 c6 12. Nd4 cxd5 13. Nxd5 Rc8 14. Qe4 Nxd5
15. Qxd5 e6 16. Qf3 Ba4 17. b3 Bxd4 18. Bb2 Bc6 19. Qg4 e5 20. Bxc6 Rxc6 21. e3
Rc2 22. exd4 Qf6
0-1